The dreaming stars #2 / Tim Pratt.
Available copies
- 1 of 1 copy available at LARL/NWRL Consortium. (Show)
- 1 of 1 copy available at Northwest Regional Library.
Current holds
0 current holds with 1 total copy.
Show Only Available Copies
| Location | Call Number / Copy Notes | Barcode | Shelving Location | Status | Due Date |
|---|---|---|---|---|---|
| Roseau Public Library | pb PRA (Text) | 35500006109597 | Main | Available | - |
Record details
- ISBN: 9780857667670
- ISBN: 085766767X
- Physical Description: 384 pages ; 18 cm.
- Publisher: Nottingham, UK : Angry Robot, an imprint of Watkins Media Ltd, 2018.
- Copyright: ℗♭2018
Content descriptions
| General Note: | "An Angry Robot paperback original"--Title page verso. |
| Summary, etc.: | The crew of the White Raven returns to save the ... Read More |
Search for related items by subject
| Subject: | Space colonies > Fiction. Extraterrestrial beings > Fiction. Human-alien encounters > Fiction. Science fiction. |
Search for related items by series
| LDR | 01896cam a2200337Ii 4500 | ||
|---|---|---|---|
| 001 | 302193 | ||
| 003 | LARL_NWRL_CONSORTIUM | ||
| 005 | 20181106164633.0 | ||
| 008 | 171220t20182018enk e 000 1 eng d | ||
| 020 | . | ‡a9780857667670 ‡q(paperback) | |
| 020 | . | ‡a085766767X ‡q(paperback) | |
| 035 | . | ‡a(OCoLC)1015831232 | |
| 040 | . | ‡aYDX ‡beng ‡erda ‡cYDX ‡dBDX ‡dGO9 ‡dIG$ ‡dORX ‡dFWP ‡dT7R ‡dSAP ‡dQQ3 ‡dTOH ‡dOCLCQ ‡dOCLCF ‡dGZD | |
| 082 | 0 | 4. | ‡a[Fic] ‡223 |
| 100 | 1 | . | ‡aPratt, Tim, ‡d1976- ‡eauthor. ‡0(LARL_NWRL_CONSORTIUM)225977 |
| 245 | 1 | 4. | ‡aThe dreaming stars ‡n#2 / ‡cTim Pratt. |
| 264 | 1. | ‡aNottingham, UK : ‡bAngry Robot, an imprint of Watkins Media Ltd, ‡c2018. | |
| 264 | 4. | ‡c℗♭2018 | |
| 300 | . | ‡a384 pages ; ‡c18 cm. | |
| 336 | . | ‡atext ‡btxt ‡2rdacontent | |
| 337 | . | ‡aunmediated ‡bn ‡2rdamedia | |
| 338 | . | ‡avolume ‡bnc ‡2rdacarrier | |
| 490 | 0 | . | ‡aAxiom ; ‡v2 |
| 500 | . | ‡a"An Angry Robot paperback original"--Title page verso. | |
| 520 | . | ‡aThe crew of the White Raven returns to save the galaxy, in this brilliant space opera sequel to The Wrong Stars Ancient aliens, the Axiom, will kill us all - when they wake up. In deep space, a swarm of nanoparticles threatens the colonies, transforming everything it meets into computronium - including the colonists. The crew of the White Raven investigate, and discover an Axiom facility filled with aliens hibernating while their minds roam a vast virtual reality. Sebastien wakes up, claiming his altered brain architecture can help the crew deactivate the swarm - from inside the Axiom simulation. To protect humanity, Callie must trust him, but if Sebastien still plans to dominate the universe using Axiom tech, they could be in a whole lot of trouble ... | |
| 650 | 0. | ‡aSpace colonies ‡vFiction. ‡0(LARL_NWRL_CONSORTIUM)167437 | |
| 650 | 0. | ‡aExtraterrestrial beings ‡vFiction. ‡0(LARL_NWRL_CONSORTIUM)172215 | |
| 650 | 0. | ‡aHuman-alien encounters ‡vFiction. ‡0(LARL_NWRL_CONSORTIUM)165608 | |
| 650 | 0. | ‡aScience fiction. ‡0(LARL_NWRL_CONSORTIUM)178126 | |
| 901 | . | ‡a302193 ‡b ‡c302193 ‡tbiblio | |

Add to basket
Permalink
Disable Highlighting